=LDR 00000nam 2200000 4500 =001 INLIS000000000045322 =005 20150119130155.0 =006 =007 =008 =020 ##$$a 979-9015-00-6 =035 ##$$0010-011500000000148 =040 ##$$a Ind =082 ##$$a 658.5 =090 ##$$a 658.5$bYam m =100 ##$$a Yamit, Zulian =245 ##$$a Manajemen produksi dan operasional$cZulian yamit =250 ##$$a Ed.2,Cet.1 =260 ##$$a Yogyakarta$bEkonisia$c2003. =300 ##$$a Xx,471 Hlm$bIlus$c23 cm. =850 ##$$a NBPDMAT =990 ##$$a 0001/BPAP-NTB/20142015 =990 ##$$a 0001/BPAP-NTB/20142015